000 00866nam a22002057a 4500
003 0
005 20250201142153.0
008 250201b xxu||||| |||| 00| 0 eng d
050 _aHF 6146
_b.M33 2023
100 _aMadulin, Carl Dave M.
245 _aThe impact of sports celebrity endorsement on consumer purchasing intention towards energy drinks as perceived by millenials in Las Pinas
_cCarl Dave M. Madulin
260 _aLas Pinas City
_bSouthville International School and Colleges
_c2023
300 _avi, 168 pages ;
_c28cm.
500 _aBachelor of Science in Business Administration Major in Marketing Management.
504 _aIncludes bibliographical references and appendices.
650 _aAdvertising—Endorsements.
650 _aMillennials—Consumer behavior – Las Pinas.
650 _aEnergy drinks—Marketing.
942 _2lcc
_cTH
999 _c367092
_d367092